| 000 | 00397nam a2200157Ia 4500 | ||
|---|---|---|---|
| 005 | 20250703155347.0 | ||
| 008 | 240331s9999 xx 000 0 und d | ||
| 020 | _a959348876 | ||
| 082 |
_bBOT _a891 |
||
| 100 | _aBotheju,L | ||
| 245 | 0 | _aElipaththen udawaththata | |
| 260 |
_aColombo _bSurya Publishers _c2000 |
||
| 300 | _a190 p ., | ||
| 500 | _aA book of To rise from the threshold | ||
| 942 | _cL | ||
| 999 |
_c4797 _d4797 |
||